书目信息 |
| 题名: |
健身健美操教程
|
|
| 作者: | 张岚 , 田颖华 主编 | |
| 分册: | ||
| 出版信息: | 武汉 华中科技大学出版社 2009 |
|
| 页数: | 268页 | |
| 开本: | 26cm | |
| 丛书名: | ||
| 单 册: | ||
| 中图分类: | G831.3 | |
| 科图分类: | ||
| 主题词: | 健身运动--教材 , 健身运动 , 健美操--教材 , 健美操 | |
| 电子资源: | ||
| ISBN: | 978-7-5609-4714-3 | |
| 000 | 00908nam0 2200277 45 | |
| 001 | 1130747343 | |
| 005 | 20110310094105.39 | |
| 010 | @a978-7-5609-4714-3@dCNY29.00 | |
| 100 | @a20110122d2009 ekmy0chiy0120 ea | |
| 101 | 0 | @achi |
| 102 | @aCN@b420000 | |
| 105 | @ay z 000yy | |
| 106 | @ar | |
| 200 | 1 | @a健身健美操教程@AJian Shen Jian Mei Cao Jiao Cheng@f张岚,田颖华主编@FZhang Lan, Tian Ying Hua Zhu Bian |
| 210 | @a武汉@c华中科技大学出版社@d2009 | |
| 215 | @a268页@d26cm | |
| 330 | @a本书内容包括:健美操概述、健美操术语及基本动作、健美操的教与学、健美操运动的科学理论基础、健美操的训练法、健美操的创编等十一章。 | |
| 606 | 0 | @a健身运动@j教材 |
| 606 | 0 | @a健身运动 |
| 606 | 0 | @a健美操@j教材 |
| 606 | 0 | @a健美操 |
| 690 | @aG831.3@v4 | |
| 701 | 0 | @a张岚@AZhang Lan@4主编 |
| 701 | 0 | @a田颖华@ATian Ying Hua@4主编 |
| 801 | 0 | @aCN@bTANGWEI@c20110310 |
| 905 | @b0532011-15@dG831.3@e105@f5 | |
| 健身健美操教程/张岚,田颖华主编.-武汉:华中科技大学出版社,2009 |
| 268页;26cm |
| ISBN 978-7-5609-4714-3:CNY29.00 |
| 本书内容包括:健美操概述、健美操术语及基本动作、健美操的教与学、健美操运动的科学理论基础、健美操的训练法、健美操的创编等十一章。 |
| ● |
| 相关链接 |
|
|
|
|
正题名:健身健美操教程
索取号:G831.3/105
 
预约/预借
| 序号 | 登录号 | 条形码 | 馆藏地/架位号 | 状态 | 备注 |
| 1 | 0532011 | 205320115 | 第一样本阅览室/ [索取号:G831.3/105] | 在馆 | |
| 2 | 0532012 | 205320124 | 体育系资料室/ [索取号:G831.3/105] | 在馆 | |
| 3 | 0532013 | 205320133 | 第四借阅区/ [索取号:G831.3/105] | 在馆 | |
| 4 | 0532014 | 205320142 | 第四借阅区/ [索取号:G831.3/105] | 在馆 | |
| 5 | 0532015 | 205320151 | 第四借阅区/ [索取号:G831.3/105] | 在馆 |